[Event "MCR junioru a juniorek 21"]
[Site ""]
[Date "2021-06-28"]
[Round "11.7"]
[White "Smajzrova Veronika"]
[Black "Vavrinkova Anna"]
[Result "1/2-1/2"]
[WhiteTitle ""]
[WhiteElo "1858"]
[WhiteCountry "CZE"]
[WhiteFideId "378291"]
[BlackTitle ""]
[BlackElo "1761"]
[BlackCountry "CZE"]
[BlackFideId "372080"]

1. e4 {[%clk 01:31:30]} e5 {[%clk 01:28:28]} 2. d4 {[%clk 01:31:30]} exd4 {[%clk 01:28:28]} 3. Nf3 {[%clk 01:31:30]} d6 {[%clk 01:28:28]} 4. Nxd4 {[%clk 01:29:33]} Nf6 {[%clk 01:28:29]} 5. Nc3 {[%clk 01:28:55]} Be7 {[%clk 01:28:03]} 6. Bd3 {[%clk 01:27:20]} Nbd7 {[%clk 01:24:08]} 7. O-O {[%clk 01:21:27]} Nc5 {[%clk 01:23:24]} 8. Bb5+ {[%clk 01:12:53]} Bd7 {[%clk 01:22:31]} 9. Bxd7+ {[%clk 01:07:10]} Qxd7 {[%clk 01:19:21]} 10. Re1 {[%clk 01:06:01]} O-O {[%clk 01:17:16]} 11. Nf5 {[%clk 00:59:48]} Rfe8 {[%clk 01:16:32]} 12. Qf3 {[%clk 00:57:54]} Bf8 {[%clk 01:15:56]} 13. Bg5 {[%clk 00:55:56]} Qe6 {[%clk 01:11:52]} 14. Bxf6 {[%clk 00:48:07]} Qxf6 {[%clk 01:09:58]} 15. Nd5 {[%clk 00:46:37]} Qd8 {[%clk 01:09:41]} 16. Rad1 {[%clk 00:38:10]} c6 {[%clk 01:06:33]} 17. Qg3 {[%clk 00:25:28]} Re6 {[%clk 00:58:10]} 18. Nf4 {[%clk 00:23:28]} Rf6 {[%clk 00:58:12]} 19. Qg4 {[%clk 00:20:26]} Qc7 {[%clk 00:56:32]} 20. Re3 {[%clk 00:18:39]} Ne6 {[%clk 00:46:25]} 21. Rg3 {[%clk 00:16:26]} Nxf4 {[%clk 00:45:42]} 22. Qxf4 {[%clk 00:16:54]} Kh8 {[%clk 00:39:23]} 23. Qh4 {[%clk 00:14:54]} Re8 {[%clk 00:35:58]} 24. Rh3 {[%clk 00:14:34]} h6 {[%clk 00:36:14]} 25. Qg4 {[%clk 00:12:30]} Rg6 {[%clk 00:35:02]} 26. Qf4 {[%clk 00:12:37]} Re5 {[%clk 00:33:10]} 27. Rg3 {[%clk 00:09:55]} Rf6 {[%clk 00:32:10]} 28. Qg4 {[%clk 00:09:55]} Rg6 {[%clk 00:32:20]} 29. Qf4 {[%clk 00:09:38]} Rf6 {[%clk 00:32:37]} 30. Qg4 {[%clk 00:05:28]} Rg6 {[%clk 00:32:39]} 1/2-1/2

[Event "MCR junioru a juniorek 21"]
[Site ""]
[Date "2021-06-28"]
[Round "11.8"]
[White "Zelbova Lada"]
[Black "Bartosova Hana"]
[Result "1/2-1/2"]
[WhiteTitle ""]
[WhiteElo "1939"]
[WhiteCountry "CZE"]
[WhiteFideId "23717882"]
[BlackTitle ""]
[BlackElo "1846"]
[BlackCountry "CZE"]
[BlackFideId "394106"]

1. e4 {[%clk 01:30:58]} e6 {[%clk 01:30:57]} 2. d4 {[%clk 01:31:22]} d5 {[%clk 01:31:22]} 3. Nd2 {[%clk 01:31:47]} Nf6 {[%clk 01:31:43]} 4. e5 {[%clk 01:32:08]} Nfd7 {[%clk 01:32:09]} 5. Bd3 {[%clk 01:32:26]} c5 {[%clk 01:32:34]} 6. c3 {[%clk 01:32:51]} Nc6 {[%clk 01:33:00]} 7. Ne2 {[%clk 01:33:16]} cxd4 {[%clk 01:33:13]} 8. cxd4 {[%clk 01:33:40]} f6 {[%clk 01:33:39]} 9. exf6 {[%clk 01:33:55]} Nxf6 {[%clk 01:34:02]} 10. O-O {[%clk 01:34:09]} Bd6 {[%clk 01:34:27]} 11. Nf3 {[%clk 01:34:34]} O-O {[%clk 01:34:49]} 12. Bf4 {[%clk 01:34:57]} Bxf4 {[%clk 01:33:24]} 13. Nxf4 {[%clk 01:35:22]} Ne4 {[%clk 01:33:49]} 14. Qc1 {[%clk 01:35:48]} Ng5 {[%clk 01:23:01]} 15. Nxg5 {[%clk 01:35:08]} Qxg5 {[%clk 01:23:25]} 16. Ne2 {[%clk 01:35:33]} Qxc1 {[%clk 01:20:40]} 17. Raxc1 {[%clk 01:35:58]} Bd7 {[%clk 01:20:35]} 18. Bb5 {[%clk 01:34:51]} Rac8 {[%clk 01:19:42]} 19. Rc3 {[%clk 01:30:17]} a6 {[%clk 01:17:18]} 20. Bxc6 {[%clk 01:27:20]} Rxc6 {[%clk 01:16:33]} 21. g3 {[%clk 01:22:56]} Rxc3 {[%clk 01:14:05]} 22. Nxc3 {[%clk 01:22:55]} Rc8 {[%clk 01:14:02]} 23. Rc1 {[%clk 01:19:08]} Rc4 {[%clk 01:11:52]} 24. Ne2 {[%clk 01:18:15]} Rxc1+ {[%clk 01:11:09]} 25. Nxc1 {[%clk 01:18:40]} Bb5 {[%clk 01:11:35]} 26. f4 {[%clk 01:11:46]} Kf7 {[%clk 01:07:33]} 27. Kf2 {[%clk 01:09:38]} Kf6 {[%clk 01:07:35]} 28. a3 {[%clk 01:06:10]} h6 {[%clk 01:06:27]} 29. Nb3 {[%clk 00:53:22]} g5 {[%clk 01:03:17]} 30. fxg5+ {[%clk 00:45:47]} hxg5 {[%clk 01:03:33]} 31. Nc5 {[%clk 00:43:47]} b6 {[%clk 01:03:29]} 32. a4 {[%clk 00:43:17]} Bc6 {[%clk 00:56:59]} 33. Nxa6 {[%clk 00:42:42]} Bxa4 {[%clk 00:57:22]} 34. Nc7 {[%clk 00:39:56]} Bc6 {[%clk 00:53:59]} 35. h4 {[%clk 00:33:45]} gxh4 {[%clk 00:53:23]} 36. gxh4 {[%clk 00:34:10]} e5 {[%clk 00:49:05]} 37. dxe5+ {[%clk 00:26:04]} Kxe5 {[%clk 00:49:31]} 38. h5 {[%clk 00:25:56]} d4 {[%clk 00:48:53]} 39. h6 {[%clk 00:23:35]} Be4 {[%clk 00:49:16]} 40. Na8 {[%clk 00:22:53]} Kf6 {[%clk 00:47:01]} 41. Nxb6 {[%clk 00:22:24]} Kg6 {[%clk 00:47:23]} 42. Nd7 {[%clk 00:20:14]} Kxh6 {[%clk 00:47:14]} 43. Nc5 {[%clk 00:18:43]} Bd5 {[%clk 00:47:27]} 44. Ke2 {[%clk 00:17:47]} Bc4+ {[%clk 00:47:17]} 45. Kd2 {[%clk 00:18:04]} Kg7 {[%clk 00:46:32]} 46. b3 {[%clk 00:16:13]} 1/2-1/2

[Event "MCR junioru a juniorek 21"]
[Site ""]
[Date "2021-06-28"]
[Round "11.9"]
[White "Laurincova Kristyna"]
[Black "Dvorakova Olga"]
[Result "1/2-1/2"]
[WhiteTitle "WFM"]
[WhiteElo "2008"]
[WhiteCountry "CZE"]
[WhiteFideId "368270"]
[BlackTitle ""]
[BlackElo "1811"]
[BlackCountry "CZE"]
[BlackFideId "383325"]

1. e4 {[%clk 01:30:57]} e5 {[%clk 01:30:55]} 2. Nf3 {[%clk 01:30:46]} Nf6 {[%clk 01:31:18]} 3. Nxe5 {[%clk 01:31:10]} d6 {[%clk 01:31:43]} 4. Nf3 {[%clk 01:29:33]} Nxe4 {[%clk 01:32:03]} 5. Nc3 {[%clk 01:29:58]} Nf6 {[%clk 01:32:26]} 6. d4 {[%clk 01:29:32]} Be7 {[%clk 01:32:46]} 7. h3 {[%clk 01:27:49]} O-O {[%clk 01:32:49]} 8. Bd3 {[%clk 01:27:55]} Nc6 {[%clk 01:33:06]} 9. a3 {[%clk 01:27:41]} Re8 {[%clk 01:33:31]} 10. O-O {[%clk 01:27:46]} h6 {[%clk 01:32:27]} 11. Be3 {[%clk 01:26:54]} Be6 {[%clk 01:30:24]} 12. Qd2 {[%clk 01:25:39]} Qd7 {[%clk 01:30:35]} 13. Kh2 {[%clk 01:16:27]} Bf5 {[%clk 01:30:20]} 14. Rad1 {[%clk 01:15:42]} Bf8 {[%clk 01:27:37]} 15. Rfe1 {[%clk 01:03:36]} Ne4 {[%clk 01:22:30]} 16. Nxe4 {[%clk 01:03:52]} Bxe4 {[%clk 01:22:58]} 17. Bxe4 {[%clk 01:01:46]} Rxe4 {[%clk 01:23:27]} 18. d5 {[%clk 01:01:55]} Ne5 {[%clk 01:22:27]} 19. Nxe5 {[%clk 00:55:21]} Rxe5 {[%clk 01:21:21]} 20. Bf4 {[%clk 00:55:16]} Rxe1 {[%clk 01:20:53]} 21. Rxe1 {[%clk 00:55:39]} Re8 {[%clk 01:19:35]} 22. Rxe8 {[%clk 00:52:59]} Qxe8 {[%clk 01:20:04]} 23. Qe3 {[%clk 00:51:37]} Qb5 {[%clk 01:14:21]} 24. Qd4 {[%clk 00:51:40]} Qb6 {[%clk 00:56:57]} 25. Be3 {[%clk 00:49:38]} Qxd4 {[%clk 00:51:59]} 26. Bxd4 {[%clk 00:50:06]} a6 {[%clk 00:51:45]} 27. Kg3 {[%clk 00:49:52]} f5 {[%clk 00:50:16]} 28. b3 {[%clk 00:41:36]} Kf7 {[%clk 00:50:04]} 29. Kf4 {[%clk 00:40:28]} g6 {[%clk 00:49:20]} 30. f3 {[%clk 00:25:57]} Bg7 {[%clk 00:39:57]} 1/2-1/2

[Event "MCR junioru a juniorek 21"]
[Site ""]
[Date "2021-06-28"]
[Round "11.10"]
[White "Lhotska Anna"]
[Black "Rolinkova Lucie"]
[Result "1-0"]
[WhiteTitle ""]
[WhiteElo "1784"]
[WhiteCountry "CZE"]
[WhiteFideId "376183"]
[BlackTitle ""]
[BlackElo "1782"]
[BlackCountry "CZE"]
[BlackFideId "384585"]

1. e4 {[%clk 01:30:57]} d5 {[%clk 01:30:54]} 2. exd5 {[%clk 01:31:20]} Qxd5 {[%clk 01:31:23]} 3. Nc3 {[%clk 01:31:40]} Qa5 {[%clk 01:31:50]} 4. d4 {[%clk 01:32:03]} Nf6 {[%clk 01:32:07]} 5. Bc4 {[%clk 01:32:19]} c6 {[%clk 01:32:13]} 6. Bd2 {[%clk 01:32:38]} Bf5 {[%clk 01:32:15]} 7. Qe2 {[%clk 01:32:51]} e6 {[%clk 01:32:04]} 8. d5 {[%clk 01:32:43]} cxd5 {[%clk 01:30:41]} 9. Nxd5 {[%clk 01:33:04]} Qd8 {[%clk 01:30:03]} 10. Nxf6+ {[%clk 01:33:10]} gxf6 {[%clk 01:29:30]} 11. O-O-O {[%clk 01:32:15]} Qc7 {[%clk 01:23:45]} 12. g4 {[%clk 01:25:53]} Bg6 {[%clk 01:23:14]} 13. Bc3 {[%clk 01:15:05]} Be7 {[%clk 01:19:44]} 14. Nh3 {[%clk 01:08:47]} a6 {[%clk 01:11:00]} 15. f4 {[%clk 01:04:34]} b5 {[%clk 01:04:28]} 16. Bb3 {[%clk 01:03:55]} b4 {[%clk 01:02:54]} 17. Ba4+ {[%clk 00:54:40]} Kf8 {[%clk 00:51:57]} 18. Bd4 {[%clk 00:53:00]} h5 {[%clk 00:30:21]} 19. Qg2 {[%clk 00:43:08]} hxg4 {[%clk 00:28:49]} 20. Qxa8 {[%clk 00:43:25]} Rxh3 {[%clk 00:28:56]} 21. Ba7 {[%clk 00:42:25]} Qxf4+ {[%clk 00:29:00]} 22. Kb1 {[%clk 00:42:40]} Be4 {[%clk 00:25:37]} 23. Qxb8+ {[%clk 00:40:58]} Qxb8 {[%clk 00:26:01]} 24. Bxb8 {[%clk 00:41:21]} Bxh1 {[%clk 00:26:26]} 25. Rxh1 {[%clk 00:41:43]} e5 {[%clk 00:26:04]} 26. Bd7 {[%clk 00:41:28]} Rh4 {[%clk 00:25:18]} 27. Rg1 {[%clk 00:36:11]} Bc5 {[%clk 00:22:53]} 28. Rg2 {[%clk 00:32:16]} g3 {[%clk 00:21:15]} 29. Rxg3 {[%clk 00:32:34]} Rxh2 {[%clk 00:21:03]} 30. c3 {[%clk 00:28:24]} bxc3 {[%clk 00:19:30]} 31. bxc3 {[%clk 00:22:17]} Ba3 {[%clk 00:18:06]} 32. c4 {[%clk 00:22:04]} Rb2+ {[%clk 00:16:56]} 33. Ka1 {[%clk 00:22:22]} Rxb8 {[%clk 00:17:11]} 34. Rxa3 {[%clk 00:22:42]} Ke7 {[%clk 00:16:24]} 35. Bf5 {[%clk 00:22:29]} Rb6 {[%clk 00:15:04]} 36. Bc8 {[%clk 00:19:56]} Kd6 {[%clk 00:13:02]} 37. Bxa6 {[%clk 00:13:13]} Kc5 {[%clk 00:12:25]} 38. Bb5 {[%clk 00:13:24]} e4 {[%clk 00:10:57]} 39. Kb2 {[%clk 00:13:32]} f5 {[%clk 00:10:54]} 40. Kc2 {[%clk 00:13:18]} Rd6 {[%clk 00:10:37]} 41. Ra6 {[%clk 00:11:15]} f4 {[%clk 00:25:00]} 42. Rxd6 {[%clk 00:38:26]} Kxd6 {[%clk 00:25:20]} 43. Kd2 {[%clk 00:37:33]} f5 {[%clk 00:22:25]} 44. a4 {[%clk 00:37:08]} f3 {[%clk 00:21:18]} 45. Ke3 {[%clk 00:36:45]} f4+ {[%clk 00:16:01]} 46. Kxe4 {[%clk 00:36:23]} f2 {[%clk 00:16:12]} 47. c5+ {[%clk 00:36:46]} Kxc5 {[%clk 00:16:24]} 48. Kf3 {[%clk 00:37:03]} f1=Q+ {[%clk 00:14:24]} 49. Bxf1 {[%clk 00:37:21]} Kb4 {[%clk 00:14:53]} 50. Bb5 {[%clk 00:37:39]} Ka5 {[%clk 00:15:15]} 51. Kxf4 {[%clk 00:37:59]} Kb4 {[%clk 00:15:28]} 52. Ke4 {[%clk 00:38:20]} Kc5 {[%clk 00:15:17]} 53. Kd3 {[%clk 00:38:43]} Kb4 {[%clk 00:15:36]} 54. Kd4 {[%clk 00:39:07]} Ka5 {[%clk 00:16:01]} 55. Kc4 {[%clk 00:39:28]} 1-0